Les us now praise famous men
Đã lưu trong:
| 主要作者: | |
|---|---|
| 格式: | 圖書 |
| 語言: | Undetermined |
| 出版: |
Boston
Houghton Mifflin Co.
1939
|
| 主題: | |
| 標簽: |
添加標簽
沒有標簽, 成為第一個標記此記錄!
|
| Thư viện lưu trữ: | Trung tâm Học liệu Trường Đại học Cần Thơ |
|---|
| LEADER | 00628nam a2200205Ia 4500 | ||
|---|---|---|---|
| 001 | CTU_117249 | ||
| 008 | 210402s9999 xx 000 0 und d | ||
| 082 | |a 920 | ||
| 082 | |b A265 | ||
| 100 | |a Agee, James | ||
| 245 | 0 | |a Les us now praise famous men | |
| 245 | 0 | |c James Agee, Walker Evans | |
| 260 | |a Boston | ||
| 260 | |b Houghton Mifflin Co. | ||
| 260 | |c 1939 | ||
| 650 | |a Praise famous men,Biography | ||
| 650 | |x Gennealogy,Insignia | ||
| 904 | |i Hiếu | ||
| 910 | |a Sách kèm theo 4 đĩa CD có số: AV.003709, AV.003710, AV.003711, AV.003712 | ||
| 980 | |a Trung tâm Học liệu Trường Đại học Cần Thơ | ||